Quiz dos craftings do Minecraft #2 - Statistics

Estatísticas Gerais
  • Esse quiz foi jogado 131 vezes
  • A pontuação média é 6 de 16
Estatísticas das Respostas
Imagem Resposta % Correto
Mapa
74%
Laço
69%
Andaime
56%
Bloco de magma
53%
Pintura
45%
Caixa Shulker
42%
Baú do Fim
41%
Corante ciano
37%
Magnetita
29%
Cortador de Pedra
28%
Frasco de mel
25%
Flecha Espectral
24%
Pó de concreto branco
23%
Bloco de Notas
12%
Trilho Detector
10%
Bússola do renascimento
4%
Nenhum quiz correspondente encontrado
Distribuição das Pontuações
Porcentagem de Pessoas com Cada Pontuação
Percentil de Números Respondidos
Sua Pontuação Histórica
Você não jogou esse quiz